000 01261nam0a22002651 4500
001 rc\3139522
005 20260408074935.0
021 _aRU
_bРг8817-77
021 _aRU
_b77-36916
035 _a(NLR Aleph) 007289901
090 _a5598595
_c5598595
100 _a20120615d19751976|||y0rusy50 ca
101 0 _arus
102 _aRU
105 _aa z |||||
200 1 _aТиповой проект научной организации труда и управления производством для участков по добыче фрезерного торфа при уборке комплектами машин УМПФ и ФПУ
_eУтв. 15/XII-1975 г.
_fМ-во топливной пром-сти РСФСР. Респ. центр по науч. организации труда и упр. производством Росцентртопнот
210 _aМосква
_cБ. и.
_d1975 (вып. дан. 1976)
215 _a234 с.
_cил.
_d29
320 _aБиблиогр.: с. 145-153
712 0 1 _aРСФСР
_bМинистерство топливной промышленности
_9637615
_3RU\NLR\AUTH\8810068005
801 0 _aRU
_bNLR
_gpsbo
801 1 _aRU
_bELAR
_2rusmarc
852 _aNLR
_j77-8/1243
942 _cBOOK
980 _aNB